Farcry Primal quiz - Statistics

General Stats
  • This quiz has been taken 96 times
  • The average score is 6 of 10
Answer Stats
Hint Answer % Correct
Name of the playable character Takkar
95%
The year Farcry Primal released 2016
86%
The fictional place the game takes place Oros
84%
The tribe that were the masters of fire Izila
81%
First member of the Wenja village other than the player Sayla
68%
Shaman that teaches the player to tame animals Tensay
58%
This tool helps the player launch rocks further and faster Sling
53%
Species of human that the Udam Tribe is Neanderthal
50%
The first animal tamed by the player Owl
38%
The year the game takes place 10,000 BCE
28%
No matching quizzes found
Score Distribution
Percent of People with Each Score
Percentile by Number Answered
Your Score History
You have not taken this quiz